Ace Attorney - Coupables - Statistiques

Statistiques générales
  • Ce quiz a été pris 88 fois
    6 depuis la dernière actualisation
  • Le résultat moyen est 39 sur 62
Statistiques - réponses
Jeu Affaire Coupable % Correct
Phoenix Wright: Ace Attorney - Trials and Tribulations Souvenirs et volte-face (Épisode 1) Dahlia Plantule
100%
Phoenix Wright: Ace Attorney - Trials and Tribulations La volte-face initiale (Épisode 4) Dahlia Plantule
100%
Phoenix Wright: Ace Attorney La volte-face du Samouraï (Épisode 3) Dee Vasquez
100%
Phoenix Wright: Ace Attorney La première volte-face (Épisode 1) Frank Khavu
100%
Phoenix Wright: Ace Attorney Adieux et volte-face (Épisode 4) - Incident DL-6 Manfred von Karma
100%
Phoenix Wright: Ace Attorney - Justice for All Adieu ma volte-face (Épisode 4) Matt Engarde
100%
Phoenix Wright: Ace Attorney - Trials and Tribulations La volte-face volée (Épisode 2) Matt Moissat
100%
Phoenix Wright: Ace Attorney La volte-face des soeurs (Épisode 2) Redd White
100%
Phoenix Wright: Ace Attorney - Justice for All Volte-face circus (Épisode 3) Acro
80%
Phoenix Wright: Ace Attorney Phoenix renaît de ses cendres (Épisode 5) Damien Gant
80%
Apollo Justice: Ace Attorney Volte-face et Sérénade (Épisode 3) Daryan Crescend
80%
Phoenix Wright: Ace Attorney - Spirit of Justice La volte-face rituelle (Épisode 3) Fieh'vua Mo'ah
80%
Phoenix Wright: Ace Attorney - Trials and Tribulations Recette de volte-face (Épisode 3) Furio Tigre
80%
Phoenix Wright: Ace Attorney - Spirit of Justice Volte-face et révolution (Épisode 5) - Khura'in Ga'ran Sigatar Khura'in
80%
Phoenix Wright: Ace Attorney - Spirit of Justice Volte-face et révolution (Épisode 5) - Incendie de la résidence royale Ga'ran Sigatar Khura'in
80%
Phoenix Wright: Ace Attorney - Trials and Tribulations Le pont des volte-face (Épisode 5) Godot
80%
Ace Attorney Investigations: Miles Edgeworth Volte-face et intrusion (Épisode 1) Jacky Bertin
80%
Apollo Justice: Ace Attorney Atout et volte-face (Épisode 1) Kristoph Gavin
80%
Apollo Justice: Ace Attorney Volte-face et Succession (Épisode 4) Kristoph Gavin
80%
Phoenix Wright: Ace Attorney - Dual Destinies Volte-face cosmique (Épisode 4) Le Fantôme
80%
Phoenix Wright: Ace Attorney - Dual Destinies Demain est une autre volte-face (Épisode 5) - Incident UR-1 Le Fantôme
80%
Phoenix Wright: Ace Attorney - Spirit of Justice La volte-face étrangère (Épisode 1) Sterh'uey Tu'heiven
80%
Phoenix Wright: Ace Attorney - Spirit of Justice Volte-face et rakugo (Épisode 4) Uraga Torunado
80%
Phoenix Wright: Ace Attorney Adieux et volte-face (Épisode 4) Yanni Yogi
80%
Phoenix Wright: Ace Attorney - Dual Destinies Volte-face à rebours (Épisode 1) Alex Plausif
60%
Ace Attorney Investigations: Miles Edgeworth Volte-face et ravissement (Épisode 3) Alistair Amano
60%
Apollo Justice: Ace Attorney Boulevard des volte-face (Épisode 2) Alita Tiala
60%
Ace Attorney Investigations: Miles Edgeworth Volte-face et réminiscences (Épisode 4) Anise Terrie
60%
Phoenix Wright: Ace Attorney - Justice for All Réunion, et volte-face (Épisode 2) Daisy Sperey
60%
Ace Attorney Investigations 2: Prosecutor's Gambit Volte-face et rémission (Épisode 4) Excelsius Victor
60%
Phoenix Wright: Ace Attorney - Dual Destinies Volte-face sur les bancs (Épisode 3) Félicio Fallacius
60%
Phoenix Wright: Ace Attorney - Spirit of Justice Retour vers la volte-face (Épisode Spécial) Henri Goureux
60%
Phoenix Wright: Ace Attorney - Spirit of Justice Volte-face et révolution (Épisode 5) - Khura'in Inga Karkhuul Khura'in
60%
The Great Ace Attorney: Adventures The Adventure of the Great Departure (Épisode 1) Jezaille Brett
60%
Ace Attorney Investigations: Miles Edgeworth Volte-face et réminiscences (Épisode 4) - Second incident KG-8 Lou Bard
60%
Phoenix Wright: Ace Attorney - Dual Destinies La volte-face monstrueuse (Épisode 2) Louis Lebelle
60%
Ace Attorney Investigations 2: Prosecutor's Gambit Volte-face et point de mire (Épisode 1) Lucas Valier
60%
Ace Attorney Investigations: Miles Edgeworth Volte-face et réminiscences (Épisode 4) - Premier incident KG-8 Manu Cochin
60%
Phoenix Wright: Ace Attorney - Spirit of Justice Volte-face et révolution (Épisode 5) - États-Unis Paul Hiticare-Verreut
60%
Phoenix Wright: Ace Attorney - Spirit of Justice La volte-face rituelle (Épisode 3) Phri'ey Pur Mo'ah
60%
Phoenix Wright: Ace Attorney - Spirit of Justice La volte-face magique (Épisode 2) Richard Laudienz
60%
Phoenix Wright: Ace Attorney - Justice for All La volte-face perdue (Épisode 1) Richard Wellington
60%
Ace Attorney Investigations 2: Prosecutor's Gambit Volte-face et consécration (Épisode 5) Adémar Mouset
40%
The Great Ace Attorney 2: Resolve The Return of the Great Departed Soul (Épisode 3) Courtney Sithe
40%
Ace Attorney Investigations 2: Prosecutor's Gambit Volte-face et consécration (Épisode 5) - Incident SS-5 Di-Jun Wang (doublure)
40%
The Great Ace Attorney 2: Resolve The Resolve of Ryunosuke Naruhodo (Épisode 5) - Professor Killings (Klint) Genshin Asogi
40%
Phoenix Wright: Ace Attorney Phoenix renaît de ses cendres (Épisode 5) - Incident IS-7 Joe Sinister
40%
The Great Ace Attorney 2: Resolve The Resolve of Ryunosuke Naruhodo (Épisode 5) - Professor Killings (1st victim) Klint van Zieks
40%
Ace Attorney Investigations 2: Prosecutor's Gambit Volte-face et ascendance (Épisode 3) Lisette Mescène
40%
The Great Ace Attorney 2: Resolve The Resolve of Ryunosuke Naruhodo (Épisode 5) - Reaper Killings Mael Stronghart
40%
The Great Ace Attorney 2: Resolve The Resolve of Ryunosuke Naruhodo (Épisode 5) - Professor Killings Mael Stronghart
40%
The Great Ace Attorney: Adventures The Adventure of the Runaway Room (Épisode 3) Magnus McGilded
40%
Ace Attorney Investigations 2: Prosecutor's Gambit Volte-face et détention (Épisode 2) Marilou Lagarde
40%
Ace Attorney Investigations: Miles Edgeworth Volte-face de haut vol (Épisode 2) Mélissa Gélino
40%
The Great Ace Attorney: Adventures The Adventure of the Unbreakable Speckled Band (Épisode 2) Nikolina Pavlova
40%
Ace Attorney Investigations: Miles Edgeworth Volte-face et embrasement (Épisode 5) Quercus Alba
40%
Ace Attorney Investigations 2: Prosecutor's Gambit Volte-face et ascendance (Épisode 3) - Incident IS-7 Rafaello Gusto
40%
The Great Ace Attorney 2: Resolve Twisted Karma and His Last Bow (Épisode 4) Seishiro Jigoku
40%
The Great Ace Attorney: Adventures The Adventure of the Unspeakable Story (Épisode 5) Ashley Graydon
20%
The Great Ace Attorney 2: Resolve The Memoirs of the Clouded Kokoro (Épisode 2) Olive Green
20%
The Great Ace Attorney 2: Resolve The Adventure of the Blossoming Attorney (Épisode 1) Raiten Menimemo
20%
The Great Ace Attorney 2: Resolve The Memoirs of the Clouded Kokoro - Past (Épisode 2) William Shamspeare
20%
Aucun quiz correspondant
Distribution des résultats
% des personnes avec chaque résultat
Percentile par nombre de réponses
Votre historique - résultats
Vous n’avez pas pris ce quiz depuis la dernière actualisation